| 000 | 00898naa a22002657a 4500 | ||
|---|---|---|---|
| 001 | BR4100019 | ||
| 003 | BR-BrBNA | ||
| 005 | 20250709164555.0 | ||
| 007 | ta | ||
| 008 | 250630b bl.|||m| |||| 00| 0 por d | ||
| 040 |
_aBR-BrBNA _bpor _cBiblioteca Nacional de Agricultura |
||
| 041 | _a(Pt) | ||
| 072 |
_aL00 _b7600 |
||
| 090 | _aL00 BR4100019 | ||
| 100 | 1 | _aVilhena, M. | |
| 245 | 1 | _aCondicoes essenciais para se ter exito na criacao do bicho da seda [Bombyx mori] | |
| 500 | _aMarcha para o oeste. Conferencias culturais Rio de Janeiro, GB (Brasil): 1941. p. 35-41 (BR4100019-AMS) | ||
| 773 | 0 |
_tMarcha para o oeste. Conferencias culturais _wL00 BR4100019 _gRio de Janeiro, GB (Brasil), 1941. p. 35-41 |
|
| 650 | _aProducao animal | ||
| 650 | _aBicho da seda | ||
| 650 | _aCriacao | ||
| 490 |
_aSIA (Brazil) _vno. 1 |
||
| 942 |
_cAMS _2AGRIS |
||
| 909 |
_a202506 _bLúcia _c55 _dLúcia Elande |
||
| 999 |
_c332476 _d332476 |
||